Yo, Tituba, la bruja negra de Salem / (Registro nro. 59613)

Detalles MARC
000 -CABECERA
Longitud fija campo de control 02283nam a22003497c 4500
003 - • IDENTIFICADOR DELl NÚMERO DE CONTROL
Identificador del número de control CO-BoRNBP
005 - • FECHA Y HORA DE LA ÚLTIMA TRANSACCIÓN
Fecha y hora de la última transacción 20251024150653.0
007 - • CAMPO FIJO DE DESCRIPCIÓN FÍSICA
Campo fijo de descripción física ta
008 - • CÓDIGOS DE INFORMACIÓN DE LONGITUD FIJA
Códigos de información de longitud fija 250202b2024 ck |||gr|||| 000 fdspa d
020 ## - • NÚMERO INTERNACIONAL NORMALIZADO PARA LIBROS
Número Internacional Normalizado para Libros (ISBN) 9789586658492
040 ## - FUENTE DE LA CATALOGACIÓN
Centro catalogador de origen CO-BoRNBP
Lengua de catalogación spa
Normas de descripción rda
Centro transcriptor CO-BoRNBP
041 1# - • CÓDIGO DE LENGUA
Código de lengua del texto/banda sonora o título independiente spa
Código de lengua original fre
043 ## - CÓDIGO DE ÁREA GEOGRÁFICA
Código de área geográfica e-fr---
084 ## - • Clasificación Local Alfanúmerica PNLB
Número de clasificación N
100 ## - • PUNTO DE ACCESO PRINCIPAL-NOMBRE DE PERSONA
Nombre de persona Condé, Maryse
Fechas asociadas al nombre 1937-
Término indicativo de función aut
245 10 - • TITULO PROPIAMENTE DICHO
Título Yo, Tituba, la bruja negra de Salem /
Mención de responsabilidad, etc. Maryse Condé ; traducción Martha Asunción Alonso.
250 ## - • MENCIÓN DE EDICIÓN
Mención de edición Primera edición
264 #1 - PRODUCCIÓN, PUBLICACIÓN , DISTRIBUCIÓN, FABRICACIÓN Y COPYRIGHT
Lugar de producción, publicación, distribución, fabricación Bogotá, Colombia :
Nombre del productor, editor, distribuidor, fabricante Siglo del Hombre Editores,
Fecha de de producción, publicación, distribución, fabricación o copyright 2024
300 ## - • DESCRIPCIÓN FÍSICA
Extensión 301 páginas
336 ## - TIPO DE CONTENIDO
Término de tipo de contenido texto
Código de tipo de contenido txt
Fuente rdacontenido
337 ## - TIPO DE MEDIO
Nombre del tipo de medio sin mediación
Código del tipo de medio n
Fuente rdamedio
338 ## - TIPO DE SOPORTE
Nombre del tipo de soporte volumen
Código del tipo de soporte nc
Fuente rdasoporte
520 ## - • NOTA DE RESUMEN
Resumen, etc, Tituba y yo convivimos en la más estrecha intimidad durante un año. En el transcurso de nuestras conversaciones, me contó muchas cosas. Nunca se las había confesado a nadie.» Maryse Condé adopta la voz de Tituba, la esclava negra juzgada en los famosos procesos por brujería que tuvieron lugar, en medio de una fiebre de histeria colectiva, en la ciudad de Salem, a finales del siglo XVII. Hija de la esclava Abena, que fue violada por un marinero inglés a bordo de un barco negrero, Tituba fue iniciada en el arte de lo sobrenatural por Man Yaya, una de las curanderas más poderosas de la isla de Barbados. Incapaz de sustraerse a la influencia de los hombres indeseables y de baja moral, Tituba pasa a ser propiedad de un pastor obsesionado con Satán, y acabará recalando en la pequeña comunidad puritana de Salem, en Massachusetts, donde será juzgada y encarcelada, acusada de haber embrujado a las niñas del pueblo. Detenida, abandonada en prisión, Maryse Condé la rehabilita, la arranca del olvido al que había sido condenada y, finalmente, la devuelve a su país natal en la época de los negros cimarrones y de las primeras revueltas de esclavos
521 ## - • NOTA DE PÚBLICO DESTINATARIO
Nota público destinatario (R ) Recomendado para un público adulto
545 ## - DATOS BIOGRÁFICOS O HISTÓRICOS
Datos bigr´ficos o históricos Incluye datos biográficos de la autora
650 07 - • PUNTO DE ACCESO ADICIONAL DE MATERIA - TÉRMINO DE MATERIA
Término de materia o nombre geográfico como elemento inicial Lo sobrenatural en la literatura
Fuente del encabezamiento o término lemb
650 07 - • PUNTO DE ACCESO ADICIONAL DE MATERIA - TÉRMINO DE MATERIA
Término de materia o nombre geográfico como elemento inicial Mujeres en la literatura
Fuente del encabezamiento o término lemb
650 04 - • PUNTO DE ACCESO ADICIONAL DE MATERIA - TÉRMINO DE MATERIA
Término de materia o nombre geográfico como elemento inicial Literatura francesa
Subdivisión cronológica Siglo XX
Fuente del encabezamiento o término LEMB
700 ## - • PUNTO DE ACCESO ADICIONAL - NOMBRE DE PERSONA
Nombre de persona Asunción Alonso, Martha
Término indicativo de función trl
942 ## - ENTRADA DE ELEMENTOS AGREGADOS (KOHA)
Fuente de clasificaión o esquema
Koha [por defecto] tipo de item Libro Literatura
Existencias
Perdido Fuente de clasificación o esquema Estado Físico No para préstamo Localización permanente Localización actual Localización en estanterías Fecha adquisición Préstamos totales Signatura completa Código de barras Fecha última consulta Número de copia Fecha del precio de reemplazo Tipo de item de Koha Forma de adquisición Fuente de adquisición Calificador de ubicación codificada Número de registro
  Dewey Decimal Classification     Biblioteca Pública Lejanias Biblioteca Pública Lejanias General 10/24/2025   N CON23 LEJ00988 10/24/2025 Ej.1 10/24/2025 Libro Literatura        
  Dewey Decimal Classification     Biblioteca Pública La Macarena Biblioteca Pública La Macarena General 11/04/2025   N CON23 LM03287 11/04/2025 Ej.1 11/04/2025 Libro Literatura Colección General      
  Dewey Decimal Classification     Biblioteca Pública Mapiripan Biblioteca Pública Mapiripan Literatura 10/31/2025   N CON23 MAP00004625 10/31/2025 Ej.1 10/31/2025 Libro Literatura Colección General      
  Clasificación Local Facetada     Biblioteca Pública Puerto Concordia Biblioteca Pública Puerto Concordia General 04/09/2026   N CON23 PCON02691 04/09/2026 Ej.1 04/09/2026 Libro Literatura Colección General      
  Dewey Decimal Classification     Biblioteca Pública Rural El Yarí- vereda Playa Rica La Macarena Biblioteca Pública Rural El Yarí- vereda Playa Rica La Macarena General 10/15/2025   N 9789586658492 11/10/2025 Ej.1 11/10/2025 Libro Literatura Colección General ministerio de cultura 9789586658492  
  Dewey Decimal Classification     Biblioteca Pública Uribe - Reinerio Arenas Biblioteca Pública Uribe - Reinerio Arenas Literatura 02/03/2026   N CON23 URI03300 02/03/2026 Ej.1 02/03/2026 Libro Literatura Colección General      
  Dewey Decimal Classification     Biblioteca Pública Vistahermosa Biblioteca Pública Vistahermosa Literatura 11/30/2025   N CON23 VIST 0002778 03/03/2026 Ej.1 03/03/2026 Libro Literatura Colección Depósito Legal del Meta DONACION RED DE BIBLIOTECA   N CON23









Instituto Departamental de Cultura del Meta - Red Departamental de Bibliotecas Públicas del Meta.